00513nam a2200193 a 4500001001300000003000900013005001700022008004100039020001000080082001600090100002600106245001900132260006200151300000900213500003500222505001000257650002600267700002600293nice12345678IN_TiNIC20260116011748.0050524s1961 hyda grp 000 0 urd  ac10000a297.24bIBR aIbraheem, Kareem Qazi aQisasul Ambiya aHyderabadbInst.Of Indo-Middle East Cultural Studiec1961 a477p aincludes index and biblioraphy2 aIndex aProphets in the Quran1 aIbraheem, Kareem Qazi